Should the Federal Government Bail Out Private Industry? : (Record no. 615357)

MARC details
000 -LEADER
fixed length control field 00547nam a2200193 a 4500
008 - FIXED-LENGTH DATA ELEMENTS--GENERAL INFORMATION
fixed length control field 260221s2010##################000#0#eng##
020 ## - INTERNATIONAL STANDARD BOOK NUMBER
ISBN 9780737746563
082 04 - DEWEY DECIMAL CLASSIFICATION NUMBER
Classification number 338.54309
Item number HAU
100 1# - MAIN ENTRY--AUTHOR NAME
Personal name Haugen, David M.,
245 10 - TITLE STATEMENT
Title Should the Federal Government Bail Out Private Industry? :
260 ## - PUBLICATION, DISTRIBUTION, ETC. (IMPRINT)
Name of publisher Greenhaven Publishing,
Year of publication 2010.
300 ## - PHYSICAL DESCRIPTION
Number of Pages 124 pages
650 #0 - SUBJECT ADDED ENTRY--TOPICAL TERM
Topical Term Juvenile Nonfiction.
942 ## - ADDED ENTRY ELEMENTS (KOHA)
Koha item type English Books
Holdings
Withdrawn status Lost status Damaged status Not for loan Home library Current library Shelving location Date acquired Full call number Accession Number Price effective from Koha item type
        Anna Centenary Library Anna Centenary Library 4TH FLOOR, A WING 21.02.2026 338.54309 HAU 203999 21.02.2026 English Books

Find us on the map